Problems and Solutions in Quantum Computing and Quantum Information
| 1. Verfasser: | |
|---|---|
| Format: | Unbekannt |
| Veröffentlicht: |
World Scientific Pub. Co.
2018
|
| LEADER | 00264 a2200085 4500 | ||
|---|---|---|---|
| 020 | |a 9789813239289 | ||
| 100 | |a Willi-Hans Steeb, Yorick Hardy | ||
| 245 | |a Problems and Solutions in Quantum Computing and Quantum Information | ||
| 260 | |b World Scientific Pub. Co. |c 2018 | ||
| 999 | |c 41882 |d 41882 | ||